Pays par troisième plus grande ville - Statistiques

Statistiques générales
  • Ce quiz a été pris 153 fois
  • Le résultat moyen est 21 sur 33
Statistiques - réponses
ville pays % Correct
Chicago Etats-Unis
100%
Hambourg Allemagne
98%
Valence Espagne
97%
Marseille France
97%
Rome Italie
97%
Manchester Royaume-Uni
97%
Vancouver Canada
96%
Pékin Chine
96%
Brisbane Australie
90%
Fès Maroc
90%
Donetsk Ukraine
86%
Belo Horizonte Brésil
85%
Izmir Turquie
82%
Nagoya Japon
76%
Durban Afrique du Sud
73%
Rosario Argentine
71%
Nijni Novgorod Russie
70%
Kolkata Inde
68%
Monterrey Mexique
66%
Cali Colombie
62%
Faisalabad Pakistan
60%
Daegu Corée du Sud
58%
Surabaya Indonésie
54%
Isfahan Iran
54%
Taichung Taïwan
39%
Valencia Venezuela
32%
Basra Irak
29%
Ibadan Nigeria
26%
Cochabamba Bolivie
24%
Dammam Arabie Saoudite
18%
Davao Philippines
18%
Mbuji-Mayi Rép Dém du Congo
16%
Khulnâ Bangladesh
11%
Aucun quiz correspondant
Distribution des résultats
% des personnes avec chaque résultat
Percentile par nombre de réponses
Votre historique - résultats
Vous n’avez pas pris ce quiz